Southville International School and Colleges
Your cart is empty.
  • Cart
  • Lists
    Public lists Eva Luna New books Lux_list list_1
    Your lists Log in to create your own lists
  • Log in to your account
  • Your cookies
  • Search history
Southville International School and Colleges
  • Advanced search
  • Recent comments
  • Most popular
  • Libraries

Log in to your account

Log in with GOOGLE


If you do not have an external account, but do have a local account, you can still log in:

  1. Home
  2. MARC view: Communicating for results :
Normal view MARC view ISBD view

Communicating for results : (Record no. 22203)

[ view plain ]
MARC details
000 -LEADER
fixed length control field 00620nam a2200205 a 4500
005 - DATE AND TIME OF LATEST TRANSACTION
control field 20140310183355.0
008 - FIXED-LENGTH DATA ELEMENTS--GENERAL INFORMATION
fixed length control field 120920s19uu xx 00 eng d
020 ## - INTERNATIONAL STANDARD BOOK NUMBER
International Standard Book Number 0534606784
050 ## - LIBRARY OF CONGRESS CALL NUMBER
Classification number HD 30.3
Item number .H35 2005
100 ## - MAIN ENTRY--PERSONAL NAME
Personal name Hamilton, Cheryl
245 ## - TITLE STATEMENT
Title Communicating for results :
Remainder of title a guide for business and professions /
Statement of responsibility, etc Cheryl Hamilton.
250 ## - EDITION STATEMENT
Edition statement 7th ed.
260 ## - PUBLICATION, DISTRIBUTION, ETC. (IMPRINT)
Place of publication, distribution, etc Australia :
Name of publisher, distributor, etc Wadsworth Cengage Learning,
Date of publication, distribution, etc 2005.
300 ## - PHYSICAL DESCRIPTION
Extent xxii, 410 p. :
Other physical details col. ill. ;
Dimensions 26 cm.
500 ## - GENERAL NOTE
General note Includes index
521 ## - TARGET AUDIENCE NOTE
Target audience note
650 ## - SUBJECT ADDED ENTRY--TOPICAL TERM
Topical term or geographic name as entry element Communication in management
942 ## - ADDED ENTRY ELEMENTS (KOHA)
Koha item type Books
Source of classification or shelving scheme Library of Congress Classification
Call number prefix Foreign
Holdings
Withdrawn status Lost status Source of classification or shelving scheme Damaged status Home library Current library Shelving location Date acquired Source of acquisition Cost, normal purchase price Total Checkouts Total Renewals Full call number Barcode Date last seen Date checked out Copy number Price effective from Koha item type
    Library of Congress Classification   College Library College Library General Circulation Section 09/20/2012   5980.00 3 5 HD 30.3 .H35 2005 C15863 05/15/2018 10/21/2016 1 10/10/2013 Books

Communicating for results :

APA

Hamilton C., . (2005). Communicating for results. Australia: Wadsworth Cengage Learning.

Chicago

Hamilton Cheryl, . 2005. Communicating for results. Australia: Wadsworth Cengage Learning.

Harvard

Hamilton C., . (2005). Communicating for results. Australia: Wadsworth Cengage Learning.

MLA

Hamilton Cheryl, . Communicating for results. Australia: Wadsworth Cengage Learning. 2005.

  • Place hold
  • Print
  • Cite
  • Add to your cart (remove)
  • Save record
    BIBTEX Dublin Core MARCXML MARC (non-Unicode/MARC-8) MARC (Unicode/UTF-8) MARC (Unicode/UTF-8, Standard) MODS (XML) RIS
  • More searches
    Search for this title in:
    Other Libraries (WorldCat) Other Databases (Google Scholar) Online Stores (Bookfinder.com) Open Library (openlibrary.org)

Exporting to Dublin Core...

SOUTHVILLE LIBRARY

Southville International School and Colleges Library

1281 Tropical Ave. Cor. Luxembourg St., BF Homes International, Las Pinas City

Tel. No. 8256374 / 252358 Loc. 117/146

Powered by Koha